| 000 | 01736nam a2200409Ii 4500 | ||
|---|---|---|---|
| 001 | DIGMPONS0164 | ||
| 003 | NyNyDIG | ||
| 008 | 230309s2022 sp o 000 0 spa d | ||
| 006 | m o d | ||
| 007 | cr ||||||||||| | ||
| 035 | _a(OCoLC)1347696045 | ||
| 040 |
_aDGITA _beng _erda _epn _cDGITA |
||
| 020 |
_a9788413813714 _qeBook |
||
| 020 | _z9788413813424 | ||
| 050 | 1 | 4 | _aJF1351 ebook |
| 100 | 1 |
_aArimany Lamoglia, Esteban, _eauthor. |
|
| 245 | 1 | 3 |
_aLa autoprovisión administrativa en la gestión de servicios públicos / _cEsteban Arimany Lamoglia [and 3 others] ; presentación de Manuel Campos Sánchez-Bordona. |
| 264 | 1 |
_aMadrid : _bMarcial Pons, _c2022. |
|
| 300 | _a1 online resource. | ||
| 336 |
_atext _btxt _2rdacontent |
||
| 337 |
_acomputer _bc _2rdamedia |
||
| 338 |
_aonline resource _bcr _2rdacarrier |
||
| 347 |
_atext file _2rdaft |
||
| 347 | _bEPUB | ||
| 490 | 1 | _aColección Derecho de los servicios públicos y de la regulación | |
| 588 | 0 | _aOnline resource; title from ePub title page (Digitalia, viewed March 9, 2023) | |
| 650 | 0 | _aPublic administration. | |
| 650 | 0 |
_aCivil service _xAdministration. |
|
| 700 | 1 |
_aCampos Sánchez-Bordona, Manuel, _econtributor agent of text. |
|
| 791 | 2 |
_aDigitalia (Firm), _edistributor. |
|
| 793 | 0 |
_gDigitalia eBook Collection: _aMarcial Pons |
|
| 776 | 0 | 8 |
_iPrint version: _aArimany Lamoglia, Esteban. _tAutoprovisión administrativa en la gestión de servicios públicos. _dMadrid : Marcial Pons, 2022 _z9788413813424 |
| 830 | 0 | _aColección Derecho de los servicios públicos y de la regulación. | |
| 856 | 4 | 0 |
_3Digitalia Hispánica _uhttps://www.digitaliapublishing.com/a/118765/ |
| 910 | _aPremium collection: 2023 | ||
| 942 | _cRAA | ||
| 999 |
_c275679 _d275679 |
||